Ciencia y experiencia para una siembra directa sustentable en los ambientes frágiles del S y SO Bonaerense /

Guardado en:
Autor Principal: Galantini, Juan Alberto.
Autores Corporativos: Buenos Aires (Argentina : Provincia). Comisión de Investigaciones Científicas., Consejo Nacional de Investigaciones Científicas y Técnicas (Argentina). Centro de Recursos Naturales Renovables de la Zona Semiárida., Universidad Nacional del Sur. Departamento de Agronomía., Asociación Argentina de Productores en Siembra Directa.
Formato: Libro
Idioma:Spanish
Publicado: Bahía Blanca : Profertil, 2014.
Acceso en línea:Texto completo
Etiquetas: Agregar Etiqueta
Sin Etiquetas, Sea el primero en etiquetar este registro!
LEADER 01750nam a22002175a 4500
001 EEA.libagro010948
005 20181008132005.0
008 180306s2014####ag#a##########000#0#spa#d
082 0 4 |a 631.5814 
100 1 |a Galantini, Juan Alberto. 
245 1 0 |a Ciencia y experiencia para una siembra directa sustentable en los ambientes frágiles del S y SO Bonaerense /  |c editor: J.A. Galantini. 
260 |a Bahía Blanca :  |b Profertil,  |c 2014. 
300 |a 96 p. :  |b il. ;  |c 28 cm. 
500 |a "Los trabajos presentados en esta publicación reflejan parte de los resultados obtenidos en el proyecto: Dinámica de las fracciones orgánicas y cambios en la disponibilidad de N, P y agua en suelos bajo siembra directa. Este proyecto se lleva adelante en forma conjunta entre los integrantes de la regional Bahía Blanca de AAPRESID y profesionales de la Comisión de Investigaciones Científicas ( CIC, Pcia. BA) y del CONICET, docentes y estudiantes de la Universidad Nacional del Sur ( UNS ), además de contar con el apoyo del CERZOS (UNS - CONICET), del Departamento de Agronomía - UNS y de Profertil S.A .". 
530 |a Disponible también en línea. 
710 2 |a Buenos Aires (Argentina : Provincia).  |b Comisión de Investigaciones Científicas. 
710 2 |a Consejo Nacional de Investigaciones Científicas y Técnicas (Argentina).  |b Centro de Recursos Naturales Renovables de la Zona Semiárida. 
710 2 |a Universidad Nacional del Sur.  |b Departamento de Agronomía. 
710 2 |a Asociación Argentina de Productores en Siembra Directa. 
856 |u https://www.aapresid.org.ar/regionales/wp-content/uploads/sites/7/2013/10/Revista-AAPRESID-2013-Galantini-et-al-FINAL.pdf  |3 Texto completo 
859 |a AR-BbBCA  |b BIB. AGRONOMIA  |h 631.5814  |i G146-1  |p 2018/6872